000 00487nam a2200181 a 4500
001 16509
005 20180713205447.0
008 140415s1981 000 0 spa d
020 _a8474900573
041 _aspa
082 _a322.1
_bLAB
100 1 _aLABOA, JUAN MARIA
245 1 0 _aIGLESIA Y RELIGION EN LAS CONSTITUCIONES ESPAÑOLAS
260 _a[s.l.] :
_bENCUENTRO,
_c1981
300 _a144
490 _aLIBROS DE BOLSILLO
_v11
650 1 4 _aIGLESIA Y ESTADO
999 _c16509
_d16509